Les 10 pays qui mangent le plus de fast food au monde - Statistiques

Statistiques générales
  • Ce quiz a été pris 823 fois
  • Le résultat moyen est 6 sur 10
Statistiques - réponses
# Réponse % Correct
2 France
99%
1 Etats-Unis
96%
3 Canada
81%
9 Allemagne
80%
4 Royaume-Uni
74%
7 Japon
67%
6 Australie
51%
5 Corée du sud
37%
10 Suisse
37%
8 Autriche
16%
Aucun quiz correspondant
Distribution des résultats
% des personnes avec chaque résultat
Percentile par nombre de réponses
Votre historique - résultats
Vous n’avez pas pris ce quiz